Las revoluciones burguesas. (Registro nro. 498)
[ vista simple ]
| 000 -LEADER | |
|---|---|
| fixed length control field | 00676nam a22002177a 4500 |
| 003 - CONTROL NUMBER IDENTIFIER | |
| control field | OSt |
| 005 - DATE AND TIME OF LATEST TRANSACTION | |
| control field | 20250910162945.0 |
| 008 - FIXED-LENGTH DATA ELEMENTS--GENERAL INFORMATION | |
| fixed length control field | 250515t1979 sp ||||r|||| 00| 0 spa d |
| 020 ## - INTERNATIONAL STANDARD BOOK NUMBER | |
| International Standard Book Number | 84-335-2981-1 |
| 040 ## - CATALOGING SOURCE | |
| Transcribing agency | besoc |
| 100 1# - MAIN ENTRY--PERSONAL NAME | |
| Personal name | Hobsbawm, Eric J., |
| Relator term | autor |
| Dates associated with a name | 1917-2012 |
| Fuller form of name | (Eric John). |
| 245 14 - TITLE STATEMENT | |
| Title | Las revoluciones burguesas. |
| Number of part/section of a work | Volumen 1 / |
| Statement of responsibility, etc. | Eric J. Hobsbawm. |
| 250 ## - EDITION STATEMENT | |
| Edition statement | 6a ed. |
| 260 ## - PUBLICATION, DISTRIBUTION, ETC. | |
| Place of publication, distribution, etc. | Barcelona : |
| Name of publisher, distributor, etc. | Editorial Labor, |
| Date of publication, distribution, etc. | 1979. |
| 300 ## - PHYSICAL DESCRIPTION | |
| Extent | 261 p. ; |
| Dimensions | 18 cm. |
| 490 0# - SERIES STATEMENT | |
| Series statement | Guadarrama |
| -- | Punto Omega |
| 500 ## - GENERAL NOTE | |
| General note | Contiene mapa Europa 1789, Europa 1810 y Europa 1840. |
| 650 #4 - SUBJECT ADDED ENTRY--TOPICAL TERM | |
| Topical term or geographic name entry element | Europa |
| General subdivision | Historia |
| Chronological subdivision | Siglo XVII |
| -- | Siglo XIX |
| 650 #4 - SUBJECT ADDED ENTRY--TOPICAL TERM | |
| Topical term or geographic name entry element | Revoluciones |
| 942 ## - ADDED ENTRY ELEMENTS (KOHA) | |
| Source of classification or shelving scheme | Universal Decimal Classification |
| Koha item type | Obra General |
| Suppress in OPAC | No |
| Withdrawn status | Lost status | Source of classification or shelving scheme | Damaged status | Not for loan | Collection | Home library | Current library | Date acquired | Total checkouts | Full call number | Barcode | Date last seen | Price effective from | Koha item type |
|---|---|---|---|---|---|---|---|---|---|---|---|---|---|---|
| Dewey Decimal Classification | Colección Nélida Perona | Biblioteca Escuela de Ciencias Sociales | Biblioteca Escuela de Ciencias Sociales | 15/05/2025 | 94(4)"1789/1848" H684 | 001421 | 15/05/2025 | 15/05/2025 | Obra General |